Entry Personal Name
Number of records used in: 2
001 - CONTROL NUMBER
003 - CONTROL NUMBER IDENTIFIER
005 - DATE AND TIME OF LATEST TRANSACTION
- control field:
20220723121834.0
008 - FIXED-LENGTH DATA ELEMENTS
- fixed length control field:
050328n| azannaabn |n aaa
010 ## - LIBRARY OF CONGRESS CONTROL NUMBER
- LC control number:
n 2005022344
035 ## - SYSTEM CONTROL NUMBER
- System control number:
(OCoLC)oca06596202
040 ## - CATALOGING SOURCE
- Original cataloging agency:
DLC
- Language of cataloging:
eng
- Description conventions:
rda
- Transcribing agency:
DLC
- Modifying agency:
DLC
- Modifying agency:
MiEM
100 1# - HEADING--PERSONAL NAME
- Personal name:
Tan, Pang-Ning
373 ## - ASSOCIATED GROUP
- Associated group:
Michigan State University
- Source of term:
naf
670 ## - SOURCE DATA FOUND
- Source citation:
Tan, Pang-Ning. Introduction to data mining, 2005:
- Information found:
ECIP t.p. (Pang-Ning Tan)
670 ## - SOURCE DATA FOUND
- Source citation:
Introduction to data mining, 2018
- Information found:
ECIP t.p. (Pang-Ning Tan, Michigan State University)